000 00908nam a22002175i 4500
001 167680
003 ES-MaACL
005 20250726075518.0
008 050929s1887 fr | |||||||| ||fre d
040 _aCAM
_bspa
_cCAM
100 1 _aVirey, Philippe.
_9115435
245 1 0 _aEtudes sur le papyrus Prisse
_b: ; Le livre de Kaqimna; et les leçons de Ptah-Hotep /
_cpar Philippe Virey.
260 _aParis :
_bF. Vieweg libraire-éditeur,
_c1887 (
_fImprimerie polyglotte A. Lanier)
300 _a138 p. ;
_c24 cm.
490 1 _aBibliothèque de l'Ecole des Hautes Etudes. Sciences philologiques et historiques ;
_v70
597 _aTexto en francés y en jerogrífico.
650 4 _aJeroglíficos.
_9136320
830 0 0 _aBibliothèque de l'École des Hautes Études. Sciences historiques et philologiques
_v70
_9229685
852 _aES-MaACL
_jC-7598
_z-- Enc. hol.
999 _c167680
_d167680